Debatiendo la ciudad: Breviario arquitectónico I
Furkejuvvon:
| Váldodahkki: | |
|---|---|
| Materiálatiipa: | Girji |
| Giella: | espánnjágiella |
| Almmustuhtton: |
Santiago
Monografías Instituto Río Colorado
2004
|
| Preanttus: | 1a. ed |
| Fáttát: | |
| Fáddágilkorat: |
Lasit fáddágilkoriid
Eai fáddágilkorat, Lasit vuosttaš fáddágilkora!
|
MARC
| LEADER | 00000nam a2200000 a 4500 | ||
|---|---|---|---|
| 001 | UCH2802 | ||
| 003 | CL-VaPUC | ||
| 008 | 090624e20040500CL |||||||||||||||||spa|d | ||
| 020 | |a 9562992020 | ||
| 082 | 0 | 4 | |a 711.42 |b DEL |2 21 |
| 100 | |a Delpiano Pérez-Canto, Ramón |e author |9 551526 | ||
| 245 | 1 | 0 | |a Debatiendo la ciudad: Breviario arquitectónico I |
| 250 | |a 1a. ed | ||
| 300 | |a 78 p | ||
| 942 | |c BK | ||
| 945 | |d 20090624 00:00:00 |a dcastane | ||
| 260 | |a Santiago |b Monografías Instituto Río Colorado |c 2004 | ||
| 650 | 0 | |a Arquitectura orgánica |9 332355 | |
| 650 | 0 | |a Arquitectura y sociedad |9 265229 | |
| 650 | 0 | |a Planificación urbana |9 258176 | |
| 583 | |a last modification |c 20090624 00:00:00 |k Rodrigo Vera | ||
| 999 | |c 334496 |d 334494 | ||
| 952 | |0 0 |1 0 |4 0 |6 711_420000000000000_DEL_2004 |7 0 |8 A |9 423572 |a BIBARQ |b BIBARQ |d 2019-11-22 |i 4564308 |o 711.42 DEL 2004 |p 4564308 |r 2025-01-20 |w 2019-11-22 |y BK |k ARQ | ||
| 952 | |0 0 |1 0 |4 0 |6 711_420000000000000_DEL_2004 |7 0 |8 A |9 423573 |a BIBARQ |b BIBARQ |d 2019-11-22 |i 4564316 |o 711.42 DEL 2004 |p 4564316 |r 2025-01-20 |w 2019-11-22 |y BK |k ARQ | ||
| 952 | |0 0 |1 0 |4 0 |6 711_420000000000000_DEL_2004 |7 0 |8 A |9 423574 |a BIBARQ |b BIBARQ |d 2019-11-22 |i 4618165 |o 711.42 DEL 2004 |p 4618165 |r 2025-01-20 |w 2019-11-22 |y BK |k ARQ | ||
| 952 | |0 0 |1 0 |4 0 |6 711_420000000000000_DEL_2004 |7 0 |8 A |9 423575 |a BIBARQ |b BIBARQ |d 2019-11-22 |i 4618173 |o 711.42 DEL 2004 |p 4618173 |r 2025-01-20 |w 2019-11-22 |y BK |k ARQ | ||